Подробности
| 000 -МАРКЕР |
| контрольное поле |
02478nam0a2200385 4500 |
| 001 - ИДЕНТИФИКАТОР ЗАПИСИ |
| контрольное поле |
RU\NLR\bibl\1953027 |
| 005 - ИДЕНТИФИКАТОР ВЕРСИИ |
| контрольное поле |
20250616204308.0 |
| 010 ## - МЕЖДУНАРОДНЫЙ СТАНДАРТНЫЙ НОМЕР КНИГИ (ISBN) |
| Номер (ISBN) |
9-785-98187-644-8 |
| Тираж |
500 |
| 035 ## - ДРУГИЕ СИСТЕМНЫЕ НОМЕРА |
| Идентификатор записи |
(nilc)LIBNET\0000214997 |
| 035 ## - ДРУГИЕ СИСТЕМНЫЕ НОМЕРА |
| Идентификатор записи |
(NLR Aleph) 001942144 |
| 100 ## - ДАННЫЕ ОБЩЕЙ ОБРАБОТКИ |
| Данные общей обработки |
20120301d2010 |||y0rusy50 ca |
| 101 0# - ЯЗЫК РЕСУРСА |
| Язык текста, звукозаписи и т.д. |
русский |
| 102 ## - СТРАНА ПУБЛИКАЦИИ ИЛИ ПРОИЗВОДСТВА |
| Страна публикации |
Российская Федерация |
| 105 ## - ПОЛЕ КОДИРОВАННЫХ ДАННЫХ: ТЕКСТОВЫЕ МАТЕРИАЛЫ, МОНОГРАФИЧЕСКИЕ |
| Кодированные данные о монографическом текстовом документе |
a ||||||||| |
| 200 1# - ЗАГЛАВИЕ И СВЕДЕНИЯ ОБ ОТВЕТСТВЕННОСТИ |
| Основное заглавие |
Основы гидроакустики и использования гидрографических сонаров |
| Сведения, относящиеся к заглавию |
учебное пособие |
| -- |
для студентов (курсантов) высших учебных заведений, обучающихся по специальности 180401 "Гидрография и навигационное обеспечение судоходства" |
| Первые сведения об ответственности |
Ю.Г. Фирсов |
| Последующие сведения об ответственности |
Федер. гос. образоват. учреждение высш. проф. образования Гос. мор. акад. им. адм. С.О. Макарова, Аркт. фак. |
| 210 ## - ПУБЛИКАЦИЯ, РАСПРОСТРАНЕНИЕ И ДР. |
| Место издания, распространения и т.д. |
Санкт-Петербург |
| Имя издателя, распространителя и т. д. |
Нестор-История |
| Дата издания, распространения и т.д. |
2010 |
| 215 ## - ФИЗИЧЕСКАЯ ХАРАКТЕРИСТИКА |
| Специфическое обозначение материала и объем |
346, [1] с. |
| Другие сведения о физической характеристике |
ил., цв. ил. |
| Размеры |
24 |
| 300 ## - ОБЩИЕ ПРИМЕЧАНИЯ |
| Текст примечания |
На 4-й с. обл. авт.: Фирсов Ю. Г. - к.т.н., доц. |
| 320 ## - ПРИМЕЧАНИЯ О НАЛИЧИИ В ДОКУМЕНТЕ БИБЛИОГРАФИИ / УКАЗАТЕЛЯ |
| Текст примечания |
Библиогр.: с. 327-330 (70 назв.) и в тексте прил. |
| 606 1# - НАИМЕНОВАНИЕ ТЕМЫ КАК ПРЕДМЕТ |
| Наименование темы |
Гидроакустика |
| Формальный подзаголовок |
Учебные издания для высших учебных заведений |
| Системный номер авторитетной/нормативной записи |
917588 |
| Идентификатор авторитетной/нормативной записи |
RU\NLR\auth\6616714 |
| 606 1# - НАИМЕНОВАНИЕ ТЕМЫ КАК ПРЕДМЕТ |
| Наименование темы |
Гидрография |
| Формальный подзаголовок |
Учебные издания для высших учебных заведений |
| Системный номер авторитетной/нормативной записи |
941894 |
| Идентификатор авторитетной/нормативной записи |
RU\NLR\auth\6629976 |
| 606 1# - НАИМЕНОВАНИЕ ТЕМЫ КАК ПРЕДМЕТ |
| Наименование темы |
Гидролокаторы |
| Формальный подзаголовок |
Учебные издания для высших учебных заведений |
| Тематический подзаголовок |
Применение в морской гидрографии |
| Системный номер авторитетной/нормативной записи |
2120209 |
| Идентификатор авторитетной/нормативной записи |
RU\NLR\auth\661584022 |
| 606 1# - НАИМЕНОВАНИЕ ТЕМЫ КАК ПРЕДМЕТ |
| Наименование темы |
Гидролокация |
| Формальный подзаголовок |
Учебные издания для высших учебных заведений |
| Системный номер авторитетной/нормативной записи |
1425444 |
| Идентификатор авторитетной/нормативной записи |
RU\NLR\auth\66290708 |
| 686 ## - ИНДЕКСЫ ДРУГИХ КЛАССИФИКАЦИЙ |
| Индекс |
39.471.8я73 |
| Издание |
LBC/RL |
| Код системы |
|
| 686 ## - ИНДЕКСЫ ДРУГИХ КЛАССИФИКАЦИЙ |
| Индекс |
26.221.0я73 |
| Издание |
LBC/RL |
| Код системы |
|
| 686 ## - ИНДЕКСЫ ДРУГИХ КЛАССИФИКАЦИЙ |
| Индекс |
З875я73-1 |
| 686 ## - ИНДЕКСЫ ДРУГИХ КЛАССИФИКАЦИЙ |
| Индекс |
Д221.01с5я73 |
| 700 #1 - ИМЯ ЛИЦА - ПЕРВИЧНАЯ ОТВЕТСТВЕННОСТЬ |
| Начальный элемент ввода |
Фирсов |
| Часть имени, кроме начального элемента ввода |
Ю. Г. |
| Даты |
1950- |
| Расширение инициалов личного имени |
Юрий Георгиевич |
| Код отношения |
Автор |
| 801 #0 - ИСТОЧНИК ЗАПИСИ |
| Страна |
Российская Федерация |
| Организация |
Мурманская ГОУНБ |
| Дата составления |
20120301 |
| Правила каталогизации |
rcr |
| 801 #1 - ИСТОЧНИК ЗАПИСИ |
| Страна |
Российская Федерация |
| Организация |
Мурманская ГОУНБ |
| Дата составления |
20120301 |
| Правила каталогизации |
rcr |
| Источник данных |
rusmarc |
| 801 #2 - ИСТОЧНИК ЗАПИСИ |
| Страна |
Российская Федерация |
| Организация |
NLR |
| Дата составления |
20120606 |
| Правила каталогизации |
rcr |
| 942 ## - ДОПОЛНИТЕЛЬНЫЕ ЭЛЕМЕНТЫ ЗАПИСИ (АБИС) |
| Тип экземпляра АБИС |
Книга |
| 980 ## - КОЛЛЕКЦИЯ |
| Название коллекции |
Национальная библиография |